| 000 | 00805nam a2200265Ia 4500 | ||
|---|---|---|---|
| 003 | OSt | ||
| 005 | 20221005091320.0 | ||
| 006 | a|||||r|||| 00| 0 | ||
| 007 | ta | ||
| 008 | 221004b |||||||| |||| 00| 0 eng d | ||
| 020 |
_a1403996172 _c4282.3 |
||
| 024 | _a84513 | ||
| 037 |
_b1039, 24/03/2006, Knowledge World _cTextual |
||
| 040 |
_aCRL _cCRL _beng |
||
| 041 |
_2eng _aeng |
||
| 082 | _aX:77:(2N7).2, P5 | ||
| 100 | _aSengupta Jati | ||
| 245 | 0 |
_aIndia's economic growth _b A strategy for the new economy |
|
| 260 |
_aNew York _bPalgrave Macmillan U. S. A. _c2005 |
||
| 300 |
_a210p. _ccm. |
||
| 650 | _a INFORMATION TECHNOLOGY | ||
| 650 | _aECONOMICS | ||
| 942 |
_hX:77:(2N7).2, P5 _cTEXL _2cc |
||
| 999 |
_c997090 _d997090 |
||